Réseaux sociaux les plus utilisés - Statistiques

Statistiques générales
  • Ce quiz a été pris 2 509 fois
  • Le résultat moyen est 8 sur 14
Statistiques - réponses
TOP Réseaux % Correct
3 (58,6 %) Instagram
99%
1 (73,3 %) Facebook
96%
5 (44,0%) Snapchat
96%
6 (37,6 %) TikTok
92%
7 (30,9 %) Twitter
88%
2 (59,8 %) WhatsApp
75%
4 (57,8 %) Messenger
59%
8 (28,1 %) Pinterest
40%
13 (13,5 %) Telegram
40%
12 (14,0 %) Discord
33%
10 (23,8 %) LinkedIn
31%
14 (6,7 %) Reddit
18%
11 (14,6 %) Skype
18%
9 (24,8 %) iMessage
4%
Aucun quiz correspondant
Distribution des résultats
% des personnes avec chaque résultat
Percentile par nombre de réponses
Votre historique - résultats
Vous n’avez pas pris ce quiz